000 00728cam a22002533a 4500
001 29065
003 PGUSA
005 20140828083629.0
008 090607s2009||||xxu|||||s|||||000 | eng d
040 _aPGUSA
_beng
042 _adc
050 4 _aHD
100 1 _aCramer, Andreas Wilhelm,
_d1855-
245 1 0 _aBremen Cotton Exchange :
_b1872/1922
_h[electronic resource] /
_cAndreas Wilhelm Cramer
260 _bProject Gutenberg,
_c2009
506 _aPublic domain in the USA.
516 _aElectronic text
653 _aBremen (Germany). Baumwollbörse
653 _aCotton trade
700 1 _aUhte, Ch. F. C.
830 0 _aProject Gutenberg
_v29065
856 4 0 _uhttp://www.gutenberg.org/ebooks/29065
942 _cEB
999 _c258320
_d258320